000 00462nam a2200181Ia 4500
008 100917s9999 xx 000 0 und d
082 _b27471
100 _aगोखले अरविंद
245 _aकथाई
260 _bकॉन्टिनेन्टल प्रकाशन
_c1963
300 _a152
365 _b4
520 _aकथा
630 _aकथाई
650 _aकथा
730 _aकथाई
942 _cBOOK
999 _c632865
_d632862